| 000 | 01530cam a22004694i 4500 | ||
|---|---|---|---|
| 003 | PE-LiUPU | ||
| 005 | 20250731184555.0 | ||
| 008 | 150625s r 000 0 d | ||
| 020 | _a8484691691 | ||
| 035 | _a(Sirsi) i9788484691693 | ||
| 040 |
_aPE-LiUPU _bspa _cPE-LiUPU _erda |
||
| 049 | _aPRUA | ||
| 082 | 0 | 4 |
_a946.039222 _bG69 _221 |
| 100 | 1 |
_aGonzález Sánchez, Vidal, _eautor. |
|
| 245 | 1 | 0 |
_aIsabe La Católica y su fama de santidad : _b¿mito o realidad? / _cVidal González Sánchez. |
| 250 | _a2a. | ||
| 264 | 1 |
_aMadrid : _bEdiciones Internacionales Universitarias, _c2006. |
|
| 300 | _a | ||
| 336 |
_atext _2rdacontent |
||
| 337 |
_aunmediated _2rdamedia |
||
| 338 |
_avolume _2rdacarrier |
||
| 526 | _aP136 | ||
| 526 | _aP135 | ||
| 526 | _aP134 | ||
| 526 | _aP133 | ||
| 526 | _aP144 | ||
| 526 | _aP143 | ||
| 526 | _aP87 | ||
| 526 | _aP35 | ||
| 526 | _aP20 | ||
| 526 | _aP14 | ||
| 526 | _aP10 | ||
| 526 | _aP06 | ||
| 600 | 1 |
_aIsabeI. _bI. _cReyna de España. _d1451-1504 |
|
| 651 |
_aEspaña _xReyes y reinas _vBiografías. |
||
| 942 |
_2ddc _cBOOK |
||
| 949 |
_a946.039222 G69 _wDEWEY _c1 _i56317 _lCCODEBUL1 _mBUL _p5.00 _r0 _sY _tBOOK _u2015-6-25 _xEDUCACION _zUNKNOWN _0COMPRA _o.STAFF. Colección General |
||
| 994 |
_aC0 _bPEPRU |
||
| 596 | _a1 | ||
| 999 |
_a946.039222 G69 _wDEWEY _c45557 _i56317 _f2021-11-8 _g5 _lCCODEBUL1 _mBUL _p5.00 _r0 _sY _tBOOK _u2015-6-25 _xBIBLIOTECA _zUNKNOWN _0COMPRA _o.STAFF. Colección General _d45557 |
||
| 980 |
_81 _gALBERTO SANCHEZ Responsable de Automatización |
||